Family Feud #18 - Statistics

General Stats
  • This quiz has been taken 21 times
  • The average score is 3 of 5
Answer Stats
Hint Answer % Correct
12 Water
85%
32 Food
75%
17 People
45%
7 Animals
25%
7 Money
25%
No matching quizzes found
Score Distribution
Percent of People with Each Score
Percentile by Number Answered
Your Score History
You have not taken this quiz